| 000 | 00497nam a2200169Ia 4500 | ||
|---|---|---|---|
| 999 |
_c7406 _d7406 |
||
| 003 | OSt | ||
| 005 | 20200125105834.0 | ||
| 008 | 190216s9999||||xx |||||||||||||| ||und|| | ||
| 020 | _a8127219193 | ||
| 040 | _coclc | ||
| 082 |
_a658.4038011 _bJIN/M |
||
| 100 |
_aJindal, Aman _91395 |
||
| 245 | 0 |
_aManagement Information System / _cAman Jindal |
|
| 260 |
_bKalyani Publishers, _aLudhiana: _c2005. |
||
| 300 | _a210p | ||
| 942 |
_cBK _2ddc _h658.4038011 _iJIN/M _k658.4038011 _mJIN/M |
||